| 000 | 00826cam a22002292 4500 | ||
|---|---|---|---|
| 001 | 0000020895 | ||
| 005 | 20151217155908.0 | ||
| 008 | 111101s xx 000 0 eng d | ||
| 020 | _a9966958290 : | ||
| 040 |
_aKABU _cKABU |
||
| 245 | 1 | 0 |
_aState of the rule of law in Kenya / _cKenya Section of the International Commission of Jurists. |
| 250 | _a1st ed. | ||
| 260 |
_aNairobi : _bKenya Section of the International Commission of Jurists., _c2006. |
||
| 300 | _a89 p. | ||
| 650 | 0 |
_aRule of law _zKenya. _@0000180039 |
|
| 650 | 0 |
_aHuman rights _zKenya. _@0000177831 |
|
| 651 | 0 |
_aKenya _xGovernment and politics _y1978-2002. _@0000181554 |
|
| 710 | 2 |
_aIntrnational Commission of Jurists. _bKenya Section. _@0000181555 |
|
| 908 | _a111101 | ||
| 950 | _@1 | ||
| 999 |
_c13804 _d13804 |
||